00440nam a2200157Ia 4500001001000000003000500010008004100015010001100056040000900067110005300076245007800129260004000207300001000247650001300257650001200270Para_6261CHAP220125s1978 xx 000 0 und d a205004 cCHAP aUACh. Departamento de Parasitología Agrícola aLarvas de díptera /c por UACh. Departamento Parasitología Agrícola aChapingo, Méx. :b La universidad a61 h. aDipteros aOrugas